000 01360cam a22002891 4500
001 hew63000103
003 DLC
005 20260227111512.0
008 771129s1963 dcu f000 0 eng c
010 _ahew63000103
035 _a(OCoLC)3451852
040 _aU.S.Dept. of Health, Education, and Welfare. Library
_cDNIE
_dDLC
042 _apremarc
050 0 0 _aL111
_b.A6 1963, no. 21
051 _aLA541
_b.H3
100 1 _aHauch, Charles C.
_q(Charles Christian),
_d1913-
245 1 4 _aThe current situation in Latin American education.
260 _a[Washington]
_bU.S. Dept. of Health, Education, and Welfare, Office of Education; for sale by the Superintendent of Documents, U.S. Govt. Print. Off.,
_c1963]
300 _a30 p. ;
_c24 cm.
490 1 _aBulletin / United States. Office of Education ;
_v1963, no. 21.
500 _a"OE-14080."
501 _aCopies 1 and 3 of L111.A6 with: Programs for the educationally disadvantaged / Conference on Teaching Children and Youth Who Are Educationally Disadvantaged. Washington : U.S. Dept. of Health, Education, and Welfare, Office of Education, 1963. Bound together subsequent to publication.
_5DLC
504 _aBibliography : p.29-30.
650 0 _aEducation
_zLatin America.
740 0 _aLatin American education.
830 0 _aBulletin (United States. Office of Education) ;
_v1963, no. 21.
999 _c34434
_d34434